00712nam a2200121Ia 4500008004100000100002200041245023100063245012500294260000900419300002500428440003800453650009900491171207s9999 xx 000 0 und d aVincent, Jonathan a‘I think autism is like running on Windows while everyone else is a Mac’: using a participatory action research approach with students on the autistic spectrum to rearticulate autism and the lived experience of university  cJonathan Vincent, Megan Potts, Daniel Fletcher, Simon Hodges, Jenny Howells, Alex Mitchell, Brett Mallon & Thomas Ledger c2017 apages 300-315, 2017 aEducational Action Researchv25:2 aAutism, participatory action research, higher education, data analysis, critical autobiography